000 01010nam a22003017a 4500
003 DO-SdBPM
005 20260601122445.0
007 ta
008 161101b1980 sp 1 00| 0 spa d
020 _a8401331783
040 _aDO-SdBPM
_bspa
_cBPMSU
_erda
082 0 4 _a303.485
_bA832a 1980
_222
100 1 _aAsimov, Isaac
_d1920-1992
_4aut
_eautor
245 1 4 _aLas amenazas de nuestro mundo /
_cIsaac Asimov ; traducción Monserrat Solanas
264 _aBarcelona :
_bPlaza & Janes,
_c1980.
300 _a342 páginas ;
_c23 cm.
336 _atexto
_btxt
_2rdacontent
337 _asin mediación
_bn
_2rdamedia
338 _avolumen
_bnc
_2rdacarrier
500 _aIncluye índice analítico de materias.
534 _pTítulo original :
_tA choice of catastrophes
590 _aInventariado, 2026/VM
650 7 _aPredicciones
650 7 _aDesastres naturales.
_ySiglo XXI.
_v
700 1 _aSolanas, Montserrat
_etraductor
910 _aVMateo V. Control de calidad. BPMSU
942 _2ddc
_cBK
999 _c12797
_d12797